All'origine del diritto al tramonto della legge.

में बचाया:
ग्रंथसूची विवरण
मुख्य लेखक: Cavalla, Francesco (autore)
स्वरूप: पुस्तक
प्रकाशित: Napoli, Italia: Jovene editore, 2011.
श्रृंखला:Abbrivi,
विषय:
टैग: टैग जोड़ें
कोई टैग नहीं, इस रिकॉर्ड को टैग करने वाले पहले व्यक्ति बनें!

MARC

LEADER 00000nam a22000007a 4500
003 CL-VaPUC
005 20220822114611.0
008 220712t2011 ||||| |||| 00| 0 eng d
999 |c 436942  |d 436940 
020 |a 978-88-243-2047-4 
040 |c Pontificia Universidad Católica de Valparaíso 
082 7 |a 340.1 CAV 2011  |2 22 
100 1 |a Cavalla, Francesco  |e autore  |9 872725 
245 1 |a All'origine del diritto al tramonto della legge.  
260 |a Napoli, Italia:  |b Jovene editore,   |c 2011. 
300 |a 213 páginas.  
490 |a Abbrivi,   |n  7 
500 |a c.1 Donación Familia Prof. Alejandro Guzmán Brito. 
583 |c 20220712  |k Cristina María Rojas Aguilar 
650 |a Derecho   |x Historia   |9 866193 
650 |a Pensamiento   |x Historia   |9 872726 
650 0 |a Filosofía del derecho   |9 255050 
942 |2 ddc  |c BK  |n 0 
952 |0 0  |1 0  |2 ddc  |4 0  |6 340_100000000000000_CAV_2011  |7 1  |8 C_AGB  |9 584675  |a BIBDER  |b BIBDER  |d 2022-07-12  |e Donación   |i 5652765  |o 340.1 CAV 2011  |p 5652765  |r 2023-01-25  |t 1  |w 2022-07-12  |y BK_US  |k AGB